| 000 | 00501nam a2200145Ia 4500 | ||
|---|---|---|---|
| 008 | 170221s9999 xx 000 0 und d | ||
| 100 | _aIqra Abdullah | ||
| 245 | 2 | _aA Literature Review on Personality, Creativity and Innovative Behavior | |
| 245 | _cIqra Abdullah, Rozeyta Omar, Siti Aisyha Panatik | ||
| 260 | _bInternational Review of Management and Marketing | ||
| 260 | _c2013 | ||
| 300 | _a8 : 2 | ||
| 650 | _xMarketing. | ||
| 856 | _uhttp://www.econjournals.com/index.php/irmm/issue/view/64 | ||
| 999 |
_c313777 _d313777 |
||